Skip to main content
Your cart is empty.
Your lists
Log in to create your own lists
Your cookies
العربية
English
العربية
Home
Search
Advanced search
Authority search
About
The noble scholar, jurist, historian
His Excellency Dr. Abdul Wahhab bin Ibrahim Abu Sulaiman, may Allah have mercy on him.
He was born in Umm Al-Qura in the year 1356 AH.
Library catalog
Title
Author
Subject
ISBN
ISSN
Series
Call number
Log in to your account
×
Login:
Password:
Home
MARC view: اليمين والآثار المترتبة عليه /
Normal view
MARC view
ISBD view
اليمين والآثار المترتبة عليه / (Record no. 2725)
[
view plain
]
MARC details
000 -LEADER
fixed length control field
01132cam a2200289 i 4500
003 - CONTROL NUMBER IDENTIFIER
control field
SA-RiAUC
005 - DATE AND TIME OF LATEST TRANSACTION
control field
20241124142945.0
008 - FIXED-LENGTH DATA ELEMENTS--GENERAL INFORMATION
fixed length control field
241123s1986 le g 000 0 ara c
040 ## - CATALOGING SOURCE
Original cataloging agency
SA-MuMU
Language of cataloging
ara
Transcribing agency
SA-RiAUC
Description conventions
rda
050 #4 - LIBRARY OF CONGRESS CALL NUMBER
Item number
J83 1986
082 04 - DEWEY DECIMAL CLASSIFICATION NUMBER
Classification number
253.72
Assigning agency
SA-RiAUC
090 ## - LOCALLY ASSIGNED LC-TYPE CALL NUMBER (OCLC); LOCAL CALL NUMBER (RLIN)
Classification number (OCLC) (R) ; Classification number, CALL (RLIN) (NR)
253.72
Local cutter number (OCLC) ; Book number/undivided call number, CALL (RLIN)
ج ب و
100 1# - MAIN ENTRY--PERSONAL NAME
Personal name
الجبوري، أبو اليقظان عطية
Relator term
مؤلف.
245 12 - TITLE STATEMENT
Title
اليمين والآثار المترتبة عليه /
Statement of responsibility, etc.
تأليف أبي اليقظان عطية الجبوري.
250 ## - EDITION STATEMENT
Edition statement
الطبعة الثانية.
264 #1 - PRODUCTION, PUBLICATION, DISTRIBUTION, MANUFACTURE, AND COPYRIGHT NOTICE
Place of production, publication, distribution, manufacture
بيروت :
Name of producer, publisher, distributor, manufacturer
دار الندوة الجديدة،
Date of production, publication, distribution, manufacture, or copyright notice
1986
300 ## - PHYSICAL DESCRIPTION
Extent
205 صفحة ؛
Dimensions
24 سم
336 ## - CONTENT TYPE
Content type term
نص
Content type code
txt
Source
rdacontent
Materials specified
كتاب
337 ## - MEDIA TYPE
Media type term
بدون وسيط
Media type code
n
Source
rdamedia
338 ## - CARRIER TYPE
Carrier type term
مجلد
Carrier type code
nc
Source
rdacarrier
504 ## - BIBLIOGRAPHY, ETC. NOTE
Bibliography, etc. note
يشتمل على إرجاعات ببليوجرافية.
650 #7 - SUBJECT ADDED ENTRY--TOPICAL TERM
Topical term or geographic name entry element
كفارة اليمين
Source of heading or term
aucsh
650 #7 - SUBJECT ADDED ENTRY--TOPICAL TERM
Topical term or geographic name entry element
الحلف بغير الله تعالي
Source of heading or term
aucsh
650 #7 - SUBJECT ADDED ENTRY--TOPICAL TERM
Topical term or geographic name entry element
اليمين (فقه إسلامي).
Source of heading or term
aucsh
942 ## - ADDED ENTRY ELEMENTS (KOHA)
Source of classification or shelving scheme
Dewey Decimal Classification
Koha item type
Books
Suppress in OPAC
No
949 ## - LOCAL PROCESSING INFORMATION (OCLC)
a
SA-JeALM
d
241123
u
mohamedma123
n
1
Holdings
Withdrawn status
Lost status
Source of classification or shelving scheme
Damaged status
Not for loan
Home library
Current library
Date acquired
Total checkouts
Full call number
Barcode
Date last seen
Price effective from
Koha item type
Dewey Decimal Classification
DR AbdElwahab Library
DR AbdElwahab Library
11/24/2024
253.72 ج ب و
000004223
11/24/2024
11/24/2024
Books
Dewey Decimal Classification
DR AbdElwahab Library
DR AbdElwahab Library
02/17/2025
253.72 ج ب و
000009710
02/17/2025
02/17/2025
Books
Place hold
Print
Add to your cart
(remove)
Save record
BIBTEX
Dublin Core
MARCXML
MARC (non-Unicode/MARC-8)
MARC (Unicode/UTF-8)
MARC (Unicode/UTF-8, Standard)
MODS (XML)
RIS
ISBD
More searches
Search for this title in:
Other Libraries (WorldCat)
Other Databases (Google Scholar)
Online Stores (Bookfinder.com)
Open Library (openlibrary.org)
Exporting to Dublin Core...
×
Simple DC-RDF
OAI-DC
SRW-DC